[Event "chess.com SpeedChess Q2Sw"]
[Site "chess.com INT"]
[Date "2022.11.12"]
[Round "4"]
[White "Melkumyan, Hrant"]
[Black "Matinian, Nikita"]
[Result "1-0"]
[WhiteTitle "GM"]
[BlackTitle "GM"]
[WhiteElo "2645"]
[BlackElo "2425"]
[WhiteFideId "13302485"]
[BlackFideId "24129100"]
[EventDate "2022.11.12"]

1. d4 Nf6 2. c4 g6 3. Nc3 Bg7 4. e4 O-O 5. Be2 d6 6. h4 h5 7. Nf3 c5 8. d5 b5 9.
cxb5 a6 10. a4 Nbd7 11. O-O axb5 12. Bxb5 Ba6 13. Bg5 Bxb5 14. axb5 Rb8 15. Re1
Ng4 16. Qe2 Re8 17. Ra7 Nb6 18. Rea1 Nc8 19. R7a6 Qc7 20. Rc6 Qb7 21. Ra5 Nb6
22. Bd2 e6 23. dxe6 Rxe6 24. Ra6 Nc8 25. Nd5 Ne7 26. Rab6 Nxd5 27. Rxb7 Rxb7 28.
Rc8+ Bf8 29. Ng5 Re5 30. f3 Ngf6 31. Qd3 Ne7 32. Rxf8+ Kxf8 33. Qxd6 Nd7 34. Bc3
Rxg5 35. hxg5 Ke8 36. Bf6 1-0

[Event "chess.com SpeedChess Q2Sw"]
[Site "chess.com INT"]
[Date "2022.11.12"]
[Round "4"]
[White "Peyrer, Konstantin"]
[Black "Begunov, Konstantin"]
[Result "1-0"]
[WhiteTitle "FM"]
[BlackTitle "FM"]
[WhiteElo "2393"]
[BlackElo "2325"]
[WhiteFideId "1640879"]
[BlackFideId "4118510"]
[EventDate "2022.11.12"]

1. e4 c5 2. Nf3 d6 3. d4 cxd4 4. Nxd4 Nf6 5. Nc3 a6 6. Be2 e5 7. Nb3 Be7 8. g4
h6 9. h4 b5 10. Be3 Bb7 11. Nd5 Bxd5 12. exd5 Nfd7 13. a4 bxa4 14. Rxa4 Bxh4 15.
Qd2 O-O 16. Na5 Bg5 17. Nc6 Nxc6 18. dxc6 Nc5 19. Rc4 Rc8 20. Bxg5 Qxg5 21. Qxg5
hxg5 22. Bf3 e4 23. Bg2 Rfe8 24. b4 Na4 25. Kd2 d5 26. Rd4 Red8 27. Ra1 Nb6 28.
Rxa6 Rxc6 29. b5 Nc4+ 30. Kc3 Rxa6 31. bxa6 Nb6 32. Kb4 Kf8 33. Kc5 Na8 34. Kc6
Ke7 35. c4 dxc4 36. Rxe4+ Kf6 37. Kb7 1-0

[Event "chess.com SpeedChess Q2Sw"]
[Site "chess.com INT"]
[Date "2022.11.12"]
[Round "4"]
[White "Sevian, Samuel"]
[Black "Sattarov, Bobir"]
[Result "1-0"]
[WhiteTitle "GM"]
[WhiteElo "2687"]
[BlackElo "2433"]
[WhiteFideId "2040506"]
[BlackFideId "14203081"]
[EventDate "2022.11.12"]

1. d4 Nf6 2. Bf4 c5 3. d5 g6 4. Nc3 d6 5. Qd2 a6 6. a4 Bg7 7. Nf3 Bg4 8. Bh6
Bxh6 9. Qxh6 Bxf3 10. gxf3 Qb6 11. O-O-O Qb4 12. e4 Nbd7 13. Kb1 b5 14. a5 Qxa5
15. Qe3 O-O 16. h4 c4 17. Ne2 Qb6 18. Nd4 Rfc8 19. h5 b4 20. hxg6 fxg6 21. Bh3
c3 22. Be6+ Kh8 23. Bxd7 Nxd7 24. Rdg1 Nf8 25. Rxg6 Nxg6 26. Qh6 Nf8 27. Ne6 1-0

[Event "chess.com SpeedChess Q2Sw"]
[Site "chess.com INT"]
[Date "2022.11.12"]
[Round "4"]
[White "Liyanage, Ranindu Dilshan"]
[Black "Omariev, Maksim"]
[Result "0-1"]
[WhiteTitle "FM"]
[BlackTitle "FM"]
[WhiteElo "2331"]
[BlackElo "2304"]
[WhiteFideId "9915834"]
[BlackFideId "4193423"]
[EventDate "2022.11.12"]

1. e4 c5 2. Nc3 d6 3. f4 Nc6 4. Nf3 g6 5. Bb5 Bd7 6. Bc4 Bg7 7. d3 Nd4 8. O-O b5
9. Bd5 Rc8 10. a3 e6 11. Ba2 Ne7 12. f5 gxf5 13. exf5 Nexf5 14. Ne4 d5 15. Nf2
O-O 16. c3 Nxf3+ 17. Qxf3 Qh4 18. g3 Qf6 19. Bf4 Qg6 20. Rae1 Bc6 21. d4 cxd4
22. Bb1 dxc3 23. bxc3 d4 24. Ne4 dxc3 25. Kh1 Nd4 26. Qg2 f5 27. Bd6 Rfd8 28.
Be7 Rd7 29. Bc5 c2 30. Bxc2 Nxc2 31. Qxc2 Bxe4+ 0-1

[Event "chess.com SpeedChess Q2Sw"]
[Site "chess.com INT"]
[Date "2022.11.12"]
[Round "4"]
[White "Andreev, Eduard UKR"]
[Black "Mikhailov, Viacheslav"]
[Result "0-1"]
[WhiteTitle "GM"]
[BlackTitle "IM"]
[WhiteElo "2413"]
[BlackElo "2428"]
[WhiteFideId "14103400"]
[BlackFideId "4187369"]
[EventDate "2022.11.12"]

1. e4 d6 2. d4 Nf6 3. Nc3 g6 4. Nf3 Bg7 5. Bc4 O-O 6. h3 c6 7. O-O b5 8. Bd3 b4
9. Ne2 a5 10. Ng3 Ba6 11. Re1 Nfd7 12. a3 bxa3 13. Rxa3 c5 14. c3 cxd4 15. cxd4
Bxd3 16. Qxd3 Nc6 17. Be3 Nb4 18. Qd2 Nb6 19. Rc1 d5 20. b3 dxe4 21. Nxe4 Qd5
22. Nc5 Rfd8 23. Rca1 e5 24. Rxa5 Rxa5 25. Rxa5 exd4 26. Qxb4 dxe3 27. Qxb6 Qd1+
28. Kh2 exf2 29. Nb7 f1=Q 30. Nxd8 Qde2 31. Rg5 Qfxf3 32. Ne6 0-1

[Event "chess.com SpeedChess Q2Sw"]
[Site "chess.com INT"]
[Date "2022.11.12"]
[Round "4"]
[White "Baskakov, Egor"]
[Black "Grischuk, Alexander"]
[Result "0-1"]
[WhiteTitle "CM"]
[BlackTitle "GM"]
[WhiteElo "2215"]
[BlackElo "2745"]
[WhiteFideId "24197866"]
[BlackFideId "4126025"]
[EventDate "2022.11.12"]

1. e4 e6 2. Nc3 d5 3. g3 Nf6 4. Bg2 d4 5. Nce2 e5 6. d3 c5 7. h3 Nc6 8. f4 Bd6
9. Nf3 h6 10. O-O Qe7 11. g4 exf4 12. Nxf4 Ne5 13. Nxe5 Qxe5 14. Qf3 Be6 15. Ne2
Bxg4 16. hxg4 Qh2+ 17. Kf2 Qh4+ 18. Ng3 Nxg4+ 19. Ke2 Qxg3 20. Qxf7+ Kd8 21. Qf3
Qxf3+ 22. Rxf3 Ke7 23. Bd2 Raf8 24. Rg1 g5 25. Rh1 Bf4 26. Bxf4 Rxf4 27. Rxf4
gxf4 28. Rh4 Ne5 29. Rxf4 Rg8 30. Bh3 Rg3 31. Rh4 Ng6 32. Rxh6 Nf4+ 33. Kf2 Rxh3 0-1

[Event "chess.com SpeedChess Q2Sw"]
[Site "chess.com INT"]
[Date "2022.11.12"]
[Round "4"]
[White "Walentukiewicz, Michal"]
[Black "Dehtiarov, Roman"]
[Result "0-1"]
[WhiteTitle "CM"]
[BlackTitle "FM"]
[WhiteElo "2088"]
[BlackElo "2300"]
[WhiteFideId "1126903"]
[BlackFideId "14186640"]
[EventDate "2022.11.12"]

1. g3 Nf6 2. Bg2 d5 3. c4 e6 4. cxd5 exd5 5. Nf3 c6 6. O-O Bd6 7. d3 O-O 8. Nc3
Re8 9. e4 Bg4 10. h3 Bh5 11. g4 Bg6 12. Nh4 Bc7 13. Nxg6 hxg6 14. f4 Nbd7 15. e5
Nh7 16. d4 f6 17. Kh1 Nhf8 18. b4 fxe5 19. dxe5 g5 20. fxg5 Bxe5 21. Qd3 Ne6 22.
h4 Qe7 23. Rb1 Rf8 24. Bd2 Nb6 25. Rxf8+ Rxf8 26. Re1 Bc7 27. Qg6 Re8 28. b5 Nc4
29. Nxd5 cxd5 30. Bxd5 Ne5 31. Qf5 Qd6 32. Be4 Ng6 33. Qf2 Rf8 34. Qg1 Qxd2 35.
Bxg6 Rf2 36. Qg3 Rh2+ 37. Kg1 Bxg3 0-1

[Event "chess.com SpeedChess Q2Sw"]
[Site "chess.com INT"]
[Date "2022.11.12"]
[Round "4"]
[White "Atakishiyev, Elmar"]
[Black "Indjic, Aleksandar"]
[Result "0-1"]
[WhiteTitle "FM"]
[BlackTitle "GM"]
[WhiteElo "2303"]
[BlackElo "2631"]
[WhiteFideId "13410547"]
[BlackFideId "911925"]
[EventDate "2022.11.12"]

1. d4 Nf6 2. c4 e6 3. Nc3 c5 4. d5 exd5 5. cxd5 d6 6. Nf3 g6 7. Bf4 Bg7 8. e3
O-O 9. h3 Ne8 10. Be2 Nd7 11. O-O Ne5 12. Nd2 Rb8 13. a4 b6 14. Bh2 f5 15. Rc1
a6 16. f4 Nf7 17. e4 Nc7 18. Nc4 b5 19. Na5 Bd7 20. e5 dxe5 21. fxe5 Nxe5 22.
Nb3 b4 23. Nb1 Bxa4 24. Rxc5 Qd6 25. N1d2 Qxc5+ 26. Nxc5 Bxd1 27. Rxd1 Rbd8 28.
Nc4 Rfe8 29. d6 Nb5 30. Bxe5 Rxe5 31. Nxe5 Bxe5 32. Bxb5 Bxd6 33. Ne6 Bh2+ 34.
Kxh2 Rxd1 35. Bxa6 Rb1 36. Nf4 Rxb2 37. Nd3 Rb1 38. Nc5 Kg7 39. Bd3 Rc1 0-1

[Event "chess.com SpeedChess Q2Sw"]
[Site "chess.com INT"]
[Date "2022.11.12"]
[Round "4"]
[White "Kosakowski, Jakub"]
[Black "Naroditsky, Daniel"]
[Result "0-1"]
[WhiteTitle "IM"]
[BlackTitle "GM"]
[WhiteElo "2475"]
[BlackElo "2617"]
[WhiteFideId "1185080"]
[BlackFideId "2026961"]
[EventDate "2022.11.12"]

1. e4 c6 2. d4 d5 3. e5 c5 4. Nf3 cxd4 5. Nxd4 Nc6 6. Nxc6 bxc6 7. Bd3 g6 8. O-O
Bg7 9. Re1 Nh6 10. Nd2 O-O 11. c4 Bf5 12. Nf3 Bxd3 13. Qxd3 dxc4 14. Qxc4 Qd5
15. Qc2 Nf5 16. Bf4 Rfd8 17. Rac1 Qxa2 18. e6 fxe6 19. Qxc6 Qd5 20. b4 Qxc6 21.
Rxc6 Nd4 22. Nxd4 Rxd4 23. Bg5 Rxb4 24. Bxe7 Rb6 25. Rc7 a5 26. Bc5 Rbb8 27. Ba3
a4 28. h4 Rb3 29. Re3 Rab8 30. Re7 Rxe3 31. fxe3 Bf8 0-1

[Event "chess.com SpeedChess Q2Sw"]
[Site "chess.com INT"]
[Date "2022.11.12"]
[Round "4"]
[White "Matamoros Franco, Carlos S."]
[Black "Rudykh, Stepan"]
[Result "0-1"]
[WhiteTitle "GM"]
[BlackTitle "CM"]
[WhiteElo "2451"]
[BlackElo "2218"]
[WhiteFideId "3600017"]
[BlackFideId "4180321"]
[EventDate "2022.11.12"]

1. c4 e5 2. g3 Nc6 3. Bg2 Bc5 4. Nc3 d6 5. e3 a5 6. Nge2 f5 7. d4 Bb6 8. dxe5
dxe5 9. Bxc6+ bxc6 10. Qxd8+ Kxd8 11. b3 Nf6 12. Bb2 Be6 13. Na4 Nd7 14. O-O-O
Kc8 15. Ba3 Re8 16. Rd2 Nf6 17. Nec3 Rd8 18. Rxd8+ Kxd8 19. Bc5 Rb8 20. Rd1+ Ke8
21. Bxb6 cxb6 22. c5 b5 23. Rd6 Ke7 24. Nb6 b4 25. Ne2 Ne4 26. Rxc6 Nxf2 27.
Rc7+ Kf6 28. Kc2 Ne4 29. Na4 h5 30. c6 Bd5 31. Kb2 g5 32. a3 bxa3+ 33. Kxa3
Rxb3+ 0-1

[Event "chess.com SpeedChess Q2Sw"]
[Site "chess.com INT"]
[Date "2022.11.12"]
[Round "4"]
[White "Firat, Burak"]
[Black "Shimanov, Aleksandr"]
[Result "1-0"]
[WhiteTitle "GM"]
[BlackTitle "GM"]
[WhiteElo "2460"]
[BlackElo "2581"]
[WhiteFideId "6305881"]
[BlackFideId "4198603"]
[EventDate "2022.11.12"]

1. e4 d5 2. Nc3 dxe4 3. Nxe4 Qd5 4. Nc3 Qe5+ 5. Qe2 Qxe2+ 6. Bxe2 c6 7. Nf3 Nf6
8. d3 Na6 9. a3 g6 10. Rb1 Bg7 11. b4 Nc7 12. Bd2 O-O 13. O-O Ncd5 14. Na4 b6
15. c4 Nc7 16. Ne5 Ne4 17. Bf4 Ne6 18. Nxc6 Nxf4 19. Bf3 Bd7 20. Bxe4 Rae8 21.
Rfd1 f5 22. Bf3 e5 23. b5 Rf7 24. Bd5 Nxd5 25. cxd5 e4 26. dxe4 Rxe4 27. Rb4 Bf8
28. Rxe4 fxe4 29. Nxa7 Bxa3 30. Nc6 Bg4 31. Re1 Ra7 32. Nxa7 1-0

[Event "chess.com SpeedChess Q2Sw"]
[Site "chess.com INT"]
[Date "2022.11.12"]
[Round "4"]
[White "Drygalov, Sergey"]
[Black "Yu, Yangyi"]
[Result "0-1"]
[WhiteTitle "GM"]
[BlackTitle "GM"]
[WhiteElo "2547"]
[BlackElo "2716"]
[WhiteFideId "24171743"]
[BlackFideId "8603820"]
[EventDate "2022.11.12"]

1. d4 Nf6 2. c4 e6 3. Nc3 Bb4 4. e3 O-O 5. Bd3 d5 6. a3 Be7 7. cxd5 exd5 8. Nge2
a5 9. O-O Re8 10. Qc2 Na6 11. Nf4 c6 12. Bd2 Nc7 13. Rae1 Ne6 14. Nxe6 Bxe6 15.
Na4 Bd6 16. Nc5 Bc8 17. h3 h6 18. b4 axb4 19. axb4 b6 20. Nb3 Bd7 21. f3 Nh5 22.
e4 Bg3 23. Re2 Nf4 24. Bxf4 Bxf4 25. e5 Qh4 26. Bf5 Bxf5 27. Qxf5 Ra3 28. Rb1
Qg3 29. Qg4 Qh2+ 30. Kf2 h5 31. Qxh5 Bg3+ 32. Ke3 Rxb3+ 33. Rxb3 Qg1+ 34. Kd2
Ra8 35. Rb2 Ra1 36. e6 Qc1+ 37. Kd3 Ra3+ 38. Rb3 Rxb3# 0-1

[Event "chess.com SpeedChess Q2Sw"]
[Site "chess.com INT"]
[Date "2022.11.12"]
[Round "4"]
[White "Aumann, Welf"]
[Black "Han, Yichen"]
[Result "0-1"]
[WhiteTitle "FM"]
[BlackTitle "FM"]
[WhiteElo "2316"]
[BlackElo "2423"]
[WhiteFideId "4634071"]
[BlackFideId "1054430"]
[EventDate "2022.11.12"]

1. c4 g6 2. Nc3 Bg7 3. g3 c6 4. Bg2 Nf6 5. e4 d6 6. Nge2 e5 7. d3 O-O 8. O-O a5
9. h3 Na6 10. Be3 Nc5 11. Qd2 Re8 12. Kh2 Rb8 13. f4 exf4 14. gxf4 b5 15. cxb5
cxb5 16. e5 Nh5 17. d4 b4 18. Nd5 Na4 19. Rac1 Bb7 20. f5 dxe5 21. f6 Nxf6 22.
Nxf6+ Bxf6 23. d5 Nb6 24. d6 Bxg2 25. Kxg2 Re6 26. Bxb6 Qxb6 27. d7 Rd8 28. Rc8
Qb7+ 29. Kg1 Rxc8 30. dxc8=Q+ Qxc8 31. Ng3 e4 32. Qd5 Qe8 0-1

[Event "chess.com SpeedChess Q2Sw"]
[Site "chess.com INT"]
[Date "2022.11.12"]
[Round "4"]
[White "Danielyan, Vahe"]
[Black "Lakshmi, C"]
[Result "1-0"]
[WhiteTitle "IM"]
[BlackTitle "WFM"]
[WhiteElo "2307"]
[BlackElo "1956"]
[WhiteFideId "13304828"]
[BlackFideId "25035347"]
[EventDate "2022.11.12"]

1. e4 c5 2. Nc3 Nc6 3. Bb5 g6 4. Bxc6 dxc6 5. d3 Nf6 6. Nge2 e5 7. h3 Bg7 8. Be3
Nd7 9. Qd2 Qe7 10. Bh6 f6 11. Bxg7 Qxg7 12. f4 O-O 13. O-O b6 14. b3 Ba6 15. Rf2
Rad8 16. Raf1 b5 17. Qe3 Qe7 18. f5 g5 19. h4 h6 20. a4 Rf7 21. axb5 cxb5 22.
Nd5 Qd6 23. Ra1 Bb7 24. Nec3 a6 25. Qf3 Nb6 26. Nxb6 Qxb6 27. Nd5 Bxd5 28. exd5
Rg7 29. c4 bxc4 30. bxc4 g4 31. Qe3 Kh7 32. Rff1 Rb8 33. Kh2 g3+ 34. Kh3 Qa7 35.
Rfb1 Rbg8 36. Qf3 Qf7 37. Rxa6 h5 38. Rbb6 Rg4 39. Rxf6 Qe7 40. Rh6+ Kg7 41. f6+ 1-0

[Event "chess.com SpeedChess Q2Sw"]
[Site "chess.com INT"]
[Date "2022.11.12"]
[Round "4"]
[White "Kopylov, Alexander A."]
[Black "Manukyan, Sargis V."]
[Result "1-0"]
[WhiteTitle "IM"]
[BlackTitle "FM"]
[WhiteElo "2397"]
[BlackElo "2253"]
[WhiteFideId "4164857"]
[BlackFideId "13303465"]
[EventDate "2022.11.12"]

1. e4 c5 2. Nf3 Nc6 3. Bb5 g6 4. O-O Bg7 5. Re1 a6 6. Bxc6 bxc6 7. d4 cxd4 8.
Nxd4 Nf6 9. e5 Nd5 10. c4 Nc7 11. Nc3 O-O 12. Bg5 Rb8 13. b3 h6 14. Bh4 Bb7 15.
f4 Ne6 16. Nxe6 fxe6 17. Rf1 d6 18. Qd3 dxe5 19. Qxg6 Qd4+ 20. Kh1 Qxc3 21. Bxe7
Rxf4 22. Rac1 c5 23. Bxc5 Qa5 24. Bd6 Rd8 25. Qxe6+ Kh8 26. Rxf4 exf4 27. Bxf4
Rf8 28. Bxh6 Bxh6 29. Qxh6+ Kg8 30. Qg6+ Kh8 31. c5 Qd2 32. Rg1 Rf1 33. Rxf1 1-0

[Event "chess.com SpeedChess Q2Sw"]
[Site "chess.com INT"]
[Date "2022.11.12"]
[Round "4"]
[White "Novik, Maxim"]
[Black "Grot, Blazej"]
[Result "1-0"]
[WhiteTitle "GM"]
[BlackTitle "CM"]
[WhiteElo "2412"]
[BlackElo "1839"]
[WhiteFideId "4102924"]
[BlackFideId "21835845"]
[EventDate "2022.11.12"]

1. e4 c5 2. Nf3 e6 3. g3 Nc6 4. Bg2 d6 5. O-O e5 6. c3 Nf6 7. Re1 Be7 8. h3 O-O
9. d4 cxd4 10. cxd4 Qc7 11. Nc3 a6 12. Be3 Rd8 13. d5 Nb8 14. Rc1 Qd7 15. a4 Rf8
16. Nd2 Bd8 17. Qe2 Qe7 18. b4 Nbd7 19. Nb3 b6 20. a5 b5 21. Rc2 Bb7 22. Rec1
Re8 23. Nd2 Rc8 24. Bf1 Nf8 25. Nxb5 Rxc2 26. Rxc2 axb5 27. Qxb5 Qd7 28. a6 Ba8
29. Qxd7 N8xd7 30. Bb5 Be7 31. Rc7 Rd8 32. Bc6 Kf8 33. b5 Bxc6 34. dxc6 Nc5 35.
Bxc5 dxc5 36. Nc4 Ne8 37. Rb7 Nd6 38. c7 Rc8 39. b6 Nxc4 40. Rb8 Nxb6 41. a7 c4
42. Rxc8+ Nxc8 43. a8=Q c3 44. Qxc8+ 1-0

[Event "chess.com SpeedChess Q2Sw"]
[Site "chess.com INT"]
[Date "2022.11.12"]
[Round "4"]
[White "Sadovsky, Artem"]
[Black "Djordjevic, Vuk"]
[Result "1-0"]
[WhiteTitle "IM"]
[BlackTitle "IM"]
[WhiteElo "2276"]
[BlackElo "2394"]
[WhiteFideId "4155840"]
[BlackFideId "902098"]
[EventDate "2022.11.12"]

1. Nf3 Nf6 2. e3 e6 3. b3 d5 4. Bb2 c5 5. c4 Be7 6. Be2 O-O 7. O-O dxc4 8. bxc4
b6 9. d4 Bb7 10. Nc3 cxd4 11. exd4 Nc6 12. Rc1 Na5 13. Ne5 Rc8 14. Qd2 Nd7 15.
Nxd7 Qxd7 16. Nd1 Qa4 17. Ne3 Rfd8 18. d5 exd5 19. Nf5 Rc7 20. Bxg7 Qe8 21. Qh6
Rc6 22. Qh3 Rg6 23. Ba1 Bf8 24. Rfe1 dxc4 25. Bxc4 Qe7 26. Nxe7+ Bxe7 27. Rxe7
Bxg2 28. Bxf7+ Kf8 29. Qxh7 1-0

[Event "chess.com SpeedChess Q2Sw"]
[Site "chess.com INT"]
[Date "2022.11.12"]
[Round "4"]
[White "Dudzinski, Pawel"]
[Black "Bilan, Danila"]
[Result "0-1"]
[WhiteTitle "FM"]
[BlackTitle "FM"]
[WhiteElo "2186"]
[BlackElo "2303"]
[WhiteFideId "1117890"]
[BlackFideId "24161918"]
[EventDate "2022.11.12"]

1. e4 c6 2. d4 d5 3. exd5 cxd5 4. Bd3 Nc6 5. c3 Qc7 6. h3 g6 7. Nf3 Bf5 8. Bxf5
gxf5 9. O-O Bg7 10. Re1 e6 11. Bg5 Nf6 12. Nbd2 Ne4 13. Nxe4 fxe4 14. Nd2 O-O
15. f3 f5 16. Nf1 Ne7 17. fxe4 fxe4 18. Qg4 Nf5 19. Bf4 Qf7 20. Ne3 Nxd4 21.
cxd4 Qxf4 22. Qxe6+ Kh8 23. Nxd5 Qf2+ 24. Kh1 Rae8 25. Qd7 e3 26. Nc7 Re4 27.
Qd5 Rxd4 28. Qh5 Rd2 29. Ne6 Qxg2# 0-1

[Event "chess.com SpeedChess Q2Sw"]
[Site "chess.com INT"]
[Date "2022.11.12"]
[Round "4"]
[White "Brodowski, Piotr"]
[Black "Sairam, Pranav"]
[Result "0-1"]
[WhiteTitle "IM"]
[WhiteElo "2455"]
[BlackElo "2018"]
[WhiteFideId "1124480"]
[BlackFideId "30951330"]
[EventDate "2022.11.12"]

1. c4 e6 2. e4 d5 3. exd5 exd5 4. d4 Nf6 5. Nc3 dxc4 6. Bxc4 Be7 7. Nge2 O-O 8.
O-O c6 9. a3 Bf5 10. Ng3 Bg6 11. f4 h6 12. f5 Bh7 13. Bf4 Nbd7 14. Kh1 Nb6 15.
Ba2 Bd6 16. Be5 c5 17. Nce4 Nxe4 18. Nxe4 Bxe5 19. dxe5 Qe7 20. e6 c4 21. Qd6
Rae8 22. Qxe7 Rxe7 23. exf7+ Kxf7 24. Nd6+ Kf6 25. Nxc4 Nxc4 26. Bxc4 Re5 27. g4
Re4 28. Bd5 Rxg4 29. Bxb7 Bxf5 30. Rf3 Rb8 31. Bc6 Rxb2 32. Raf1 g6 33. Bd7 Rgg2 0-1

[Event "chess.com SpeedChess Q2Sw"]
[Site "chess.com INT"]
[Date "2022.11.12"]
[Round "4"]
[White "Mezhlumyan, Vahram"]
[Black "Mikaelyan, Arman"]
[Result "1/2-1/2"]
[WhiteTitle "FM"]
[BlackTitle "GM"]
[WhiteElo "2208"]
[BlackElo "2556"]
[WhiteFideId "13302183"]
[BlackFideId "13304852"]
[EventDate "2022.11.12"]

1. d4 Nf6 2. c4 e6 3. Nf3 d5 4. Nc3 c6 5. Bg5 h6 6. Bh4 Be7 7. e3 Nbd7 8. cxd5
Nxd5 9. Bxe7 Qxe7 10. Bd3 O-O 11. O-O Nxc3 12. bxc3 e5 13. Qc2 Re8 14. Bh7+ Kh8
15. Bf5 e4 16. Nd2 Nf6 17. Bxc8 Raxc8 18. c4 c5 19. d5 Qd6 20. h3 b5 21. Rfd1 b4
22. a3 a5 23. axb4 axb4 24. Ra7 Rc7 25. Rda1 Qe5 26. R1a5 Nd7 27. Rxc7 Qxc7 28.
Qa4 Nf6 29. Nb3 Qe5 30. Ra8 Rxa8 31. Qxa8+ Kh7 32. Nxc5 Qc3 33. d6 Qxc4 34. d7
Nxd7 35. Nxd7 b3 36. Nf8+ Kg8 37. Ng6+ Kh7 38. Nf8+ Kg8 39. Ng6+ Kh7 40. Nf8+ 1/2-1/2

[Event "chess.com SpeedChess Q2Sw"]
[Site "chess.com INT"]
[Date "2022.11.12"]
[Round "4"]
[White "Fernandez Siles, Luis"]
[Black "Ladan, Nicholas"]
[Result "1-0"]
[WhiteTitle "FM"]
[WhiteElo "2220"]
[BlackElo "2091"]
[WhiteFideId "2209420"]
[BlackFideId "30918855"]
[EventDate "2022.11.12"]

1. d4 d5 2. c4 e6 3. Nc3 Nf6 4. cxd5 exd5 5. Bg5 a6 6. e3 Be6 7. Bd3 Nbd7 8. f4
h6 9. Bh4 g5 10. f5 gxh4 11. fxe6 fxe6 12. Bg6+ Ke7 13. Nf3 h3 14. gxh3 Rg8 15.
Qc2 c6 16. O-O-O Qa5 17. Kb1 h5 18. Rhg1 Bh6 19. e4 Kd8 20. e5 Ne8 21. Bf7 Rxg1
22. Rxg1 Nf8 23. Ng5 Bxg5 24. Rxg5 Qc7 25. Qf2 Ke7 26. Rxh5 Ng7 27. Qf6+ Kd7 28.
Qxg7 Rd8 29. Bxe6+ Kxe6 30. Rh6+ Kf5 31. Qxc7 Kf4 32. Qxd8 Ke3 33. Qxf8 Kxd4 34.
Qf4+ Kc5 35. b4+ Kb6 36. a4 a5 37. bxa5+ Kxa5 38. Qd4 b5 39. axb5 c5 40. Qxc5 d4
41. Ra6# 1-0

[Event "chess.com SpeedChess Q2Sw"]
[Site "chess.com INT"]
[Date "2022.11.12"]
[Round "4"]
[White "Deac, Bogdan-Daniel"]
[Black "Rasulov, Vugar"]
[Result "1-0"]
[WhiteTitle "GM"]
[BlackTitle "GM"]
[WhiteElo "2700"]
[BlackElo "2525"]
[WhiteFideId "1226380"]
[BlackFideId "13402390"]
[EventDate "2022.11.12"]

1. Nf3 Nf6 2. c4 g6 3. Nc3 d5 4. cxd5 Nxd5 5. h4 Bg7 6. e4 Nxc3 7. dxc3 Qxd1+ 8.
Kxd1 h5 9. Bf4 c5 10. Kc2 Nc6 11. a4 Bd7 12. Bc4 Na5 13. Bb5 O-O-O 14. Ng5 Rhf8
15. Rhd1 c4 16. Rd5 Bc6 17. Bxc6 Nxc6 18. Rc5 e5 19. Be3 Kb8 20. Rxc4 Rc8 21.
Kd2 Rfd8+ 22. Ke1 Rd7 23. b4 f6 24. Ne6 Bh8 25. Nc5 Re7 26. Rd1 f5 27. Nd7+ Kc7
28. Nc5 f4 29. b5 fxe3 30. bxc6 exf2+ 31. Kxf2 bxc6 32. Rb4 Rf8+ 33. Ke2 Bf6 34.
Na6+ Kc8 35. Rb8# 1-0

[Event "chess.com SpeedChess Q2Sw"]
[Site "chess.com INT"]
[Date "2022.11.12"]
[Round "4"]
[White "Theodorou, Nikolas"]
[Black "Mardov, Dimitar"]
[Result "1-0"]
[WhiteTitle "GM"]
[BlackTitle "IM"]
[WhiteElo "2598"]
[BlackElo "2432"]
[WhiteFideId "4262875"]
[BlackFideId "30919495"]
[EventDate "2022.11.12"]

1. d4 Nf6 2. c4 e6 3. Nf3 Bb4+ 4. Bd2 c5 5. Bxb4 cxb4 6. e3 O-O 7. Nbd2 a5 8.
Bd3 d6 9. O-O Qe7 10. a3 Na6 11. Qb1 b6 12. Ne4 h6 13. Nxf6+ Qxf6 14. Nd2 Bb7
15. Be4 Qe7 16. Qd3 Rac8 17. Bxb7 Qxb7 18. f4 f5 19. e4 bxa3 20. bxa3 Nc7 21.
Rab1 Qc6 22. d5 Qc5+ 23. Kh1 exd5 24. exd5 Rce8 25. Rfe1 Qf2 26. Rxe8 Rxe8 27.
Nf3 Re4 28. h3 Na6 29. Qb3 Nc5 30. Qxb6 Rxc4 31. Qd8+ Kh7 32. Rb8 Rc1+ 33. Kh2
Ne4 34. Qg8+ Kg6 35. Qe8+ Kh7 36. Qg8+ Kg6 37. Qe6+ Nf6 38. Rf8 Rc2 39. Rxf6+
gxf6 40. Qg8+ Kh5 41. Qf7# 1-0

[Event "chess.com SpeedChess Q2Sw"]
[Site "chess.com INT"]
[Date "2022.11.12"]
[Round "4"]
[White "Matveeva, Olga"]
[Black "Biastoch, Bennet"]
[Result "0-1"]
[WhiteTitle "WIM"]
[BlackTitle "FM"]
[WhiteElo "2111"]
[BlackElo "2232"]
[WhiteFideId "24107018"]
[BlackFideId "12939889"]
[EventDate "2022.11.12"]

1. d4 d5 2. c4 e6 3. Nf3 Nf6 4. g3 c6 5. Bg2 dxc4 6. Ne5 Be7 7. O-O O-O 8. Nxc4
b6 9. Nc3 Bb7 10. Ne5 Nfd7 11. Nd3 Na6 12. a3 Qc8 13. b4 c5 14. bxc5 Bxg2 15.
Kxg2 bxc5 16. d5 exd5 17. Nxd5 Bf6 18. Nxf6+ Nxf6 19. Bb2 c4 20. Rc1 Qb7+ 21.
Kg1 cxd3 22. Bxf6 gxf6 23. Qxd3 Rac8 24. Qf5 Rxc1 25. Rxc1 Qb6 26. Rc4 Qe6 27.
Qxe6 fxe6 28. Rc6 Nb8 29. Rxe6 Kf7 30. Rd6 Re8 31. e3 Ke7 32. Rd5 Rd8 33. Ra5
Rd7 34. Kg2 Nc6 35. Ra6 Ne5 36. h4 h5 37. Ra5 Ke6 38. Kf1 Nc4 39. Rxh5 Nxa3 40.
Ra5 Nc4 41. Ra4 Nb6 42. Ra5 Nc4 43. Ra4 Nd6 44. Kg2 Kd5 45. g4 Nc4 46. h5 Nb6
47. Rd4+ Ke6 48. Re4+ Kf7 49. f4 a5 50. g5 a4 51. gxf6 a3 52. Re5 Ra7 53. Rb5 a2 0-1

[Event "chess.com SpeedChess Q2Sw"]
[Site "chess.com INT"]
[Date "2022.11.12"]
[Round "4"]
[White "Janaszak, Dawid"]
[Black "Kabanova, Ekaterina"]
[Result "1-0"]
[WhiteTitle "FM"]
[BlackTitle "WFM"]
[WhiteElo "2322"]
[BlackElo "2088"]
[WhiteFideId "1119206"]
[BlackFideId "24112917"]
[EventDate "2022.11.12"]

1. e4 c5 2. Nc3 e6 3. f4 Qc7 4. Nf3 Qxf4 5. d4 Qc7 6. d5 a6 7. a4 e5 8. d6 Qxd6
9. Nd5 Nf6 10. Bc4 Nxd5 11. Bxd5 Be7 12. Bg5 Nc6 13. O-O O-O 14. c3 h6 15. Be3
Nd8 16. Qe1 Qg6 17. Nxe5 Qh5 18. Rf5 Bg5 19. Bxg5 hxg5 20. Qe3 d6 21. Rxg5 Qh6
22. Ng6 Re8 23. Rf1 Ne6 24. Bxe6 Bxe6 25. Qg3 Bc4 26. Rf4 fxg6 27. Rh4 Rf8 28.
h3 Qxg5 29. Qxg5 Rf6 30. e5 dxe5 31. Rxc4 Re8 32. Re4 Rf5 33. Qxg6 Ref8 34. Qe6+
Kh7 35. Rxe5 Rf1+ 36. Kh2 R8f6 37. Rh5+ Kg6 38. Qe8+ Rf7 39. Rh4 Rf6 40. Rg4+
Kh7 41. Qe4+ g6 42. Rh4+ Kg7 43. Qe3 Rf8 44. Qh6+ Kf7 45. Qh7+ Ke6 46. Qxb7 Rf5
47. Qxa6+ Kf7 48. Rh7+ Kg8 49. Qxg6# 1-0